Hasiči /

Uloženo v:
Hlavní autor: Arredondo, Francisco (Autor, Ilustrátor)
Korporativní autor: Susaeta Ediciones (Autor)
Další autoři: Brouk, Kateřina, 1977- (Autor)
Médium: Kniha
Jazyk:Czech
Vydáno: Říčany : Sun, 2025
Vydání:4. vydání
Edice:Hledej a objevuj
Témata:
Celkem bylo vypůjčeno:0x
Tagy:
Žádné tagy
LEADER 02428nam a2200625 i 4500
001 106093
003 CZ PrNK
005 20260409132530.0
007 ta
008 250611s2025 xr a b f 000 0 cze
015 |a cnb003689604 
020 |a 9788076873155  |q (vázáno) 
040 |a BOA001  |b cze  |e rda 
041 1 |a cze  |h spa 
072 7 |a 614.84  |x Požáry. Ochrana před požáry  |2 Konspekt  |9 14 
072 7 |a 0/9-053.2  |x Literatura pro děti a mládež (naučná)  |2 Konspekt  |9 26 
080 |a 614.84  |2 MRF 
080 |a 614.843/.847  |2 MRF 
080 |a 793.7-047.25  |2 MRF 
080 |a (0.062)  |2 MRF 
080 |a (084.11)  |2 MRF 
080 |a (0.053.2)  |2 MRF 
100 1 |a Arredondo, Francisco  |7 mzk2003171524  |4 aut  |9 6851  |4 ill 
240 1 0 |a Busca los bomberos.  |l Česky 
245 1 0 |a Hasiči /  |c ilustrace: Francisco Arredondo ; texty: Francisco Arredondo a redakce nakladatelství Susaeta Ediciones ; překlad: Kateřina Petrošová 
250 |a 4. vydání 
264 1 |a Říčany :  |b Sun,  |c 2025 
300 |a 29 stran :  |b barevné ilustrace ;  |c 29 cm 
336 |a text  |b txt  |2 rdacontent 
336 |a statický obraz  |b sti  |2 rdacontent 
337 |a bez média  |b n  |2 rdamedia 
338 |a svazek  |b nc  |2 rdacarrier 
490 1 |a Hledej a objevuj 
500 |a Přeloženo ze španělštiny 
500 |a Obálkový podnázev: knížka plná zábavy, hraní i poučení 
650 0 7 |a požární ochrana  |7 ph124487  |2 czenas 
650 0 7 |a požární technika  |7 ph124492  |2 czenas  |9 88551 
650 0 7 |a hledání obrázků (hry)  |7 ph1081292  |2 czenas 
650 0 9 |a fire protection  |2 eczenas 
650 0 9 |a fire technique  |2 eczenas 
650 0 9 |a look and find (game)  |2 eczenas 
655 7 |a populárně-naučné publikace  |7 fd131864  |2 czenas  |9 102 
655 7 |a obrazové publikace  |7 fd132947  |2 czenas  |9 53754 
655 7 |a publikace pro děti  |7 fd133156  |2 czenas  |9 23 
655 9 |a popular works  |2 eczenas 
655 9 |a pictorial works  |2 eczenas 
655 9 |a children's literature  |2 eczenas 
700 1 |a Brouk, Kateřina,  |d 1977-  |7 mzk2006363618  |4 trl  |9 4722 
710 2 |a Susaeta Ediciones  |7 xx0094336  |4 aut 
710 2 |a Nakladatelství SUN  |7 olak20261289925  |4 pbl 
830 0 |a Hledej a objevuj 
910 |a UOG502 
942 |2 ddc  |c KN 
999 |d 106093 
993 |0 0  |1 421180106819  |2 ddc  |4 0  |6 629_000000000000000  |7 0  |9 99388  |a 150.00  |b 0  |c 106819  |d 2026-04-09  |e 0  |f M  |g 629  |h 250.00  |i Koupě  |l M  |r 2026-04-09  |t 7  |w 2026-04-09  |y KN  |z NAUCNA  |n